000 00894cab a2200205 4500
001 ABS44152
008 090401t1991 xxu||||| |||| 00| 0 eng d
035 _a(Sirsi) u45561
041 _aeng
100 _aMonahan, P.
245 _aEstate agents await new orders
260 _c1991
350 _a0
490 _aChartered Surveyor Weekly
_v34(8) 28 February 1991, 68(1)
520 _aAnalyses the situation regarding the orders and regulations due under Estate Agents Act 1979 s3 and s18, the Estate Agents (Specified Offences) Order , Estate Agents (Undesirable Practices) Order and Estate Agents (Provision of Information) Regulations . Reviews their coverage and examines how they may be changed by the Property Misdescriptions Bill .
650 _aESTATE AGENTS ACT 1979 S18
690 _aMANAGEMENT-BUSINESS MANAGEMENT-PROFESSIONAL PRACTICE
942 _n0
948 _c04/03/1997
999 _c28868
_d28868